01093nam a2200277 a 450000100100000000500170001000800410002704000250006808200230009310000400011624500520015625000180020826000390022630000280026549000540029349000230034759000750037059000270044565000340047265000350050683000610054183000300060291000410063295201270067399900150080000000341520200929150433.0840106s1984 cl 001 f spa  aDO-SdBNPbspacBNPHU a813.3bP743n, 19841 aPoe, Edgar Allan,d1809-1849.9990310aNarraciones extraordinarias /cEdgar Allan Poe. aEd. especial. aSantiago, Chile :bErcilla,c1984. a173 p. :bil. ;c18 cm.1 aLos mejores libros de la literatura universalv161 aBiblioteca Ercilla aPerteneció a la biblioteca personal de Juan Isidro Jimenes Grullón aInventariado, 2018/ YL 4aCuentos estadounidense910646 4aLiteratura estadounidense9263 4aLos mejores libros de la literatura universalv16910647 0aBiblioteca Ercilla910648 aValidado. Control de calidad MMOLINA 001054708MOaGRbGRcHDd2009-07-08iLF1 | 1984l0o813.3 P743np3415-10r2020-06-25w2020-06-25y4ZPréstamo en sala c3245d3245